000 01093cab a22002055a 4500
001 L148385
008 090914e20090905xxkdo f 000 0 eng d
035 _a(Sirsi) u148385
041 0 _aeng
100 1 _aCahill, Julia
245 0 2 _aA year of shrinking fees and staff numbers
_btop agents 2009
260 _v2009
490 0 _aEstates Gazette
_v(0935) 5 September 2009, 50-61(12)
520 _aSavills is again the leading agent by UK turnover according to the 2009 Estates Gazette survey but the top firms have collectively posted a turnover drop of £500m in the year. Tables include a ranking by UK turnover per fee-earner, top agents by European and global turnover. Residential and combined revenues are compared at the top 10 firms and the drastic reduction in graduate recruitment programmes is highlighted. The impact of the recession on the top 10 agents is evaluated and heads of major firms predict what lies ahead. Tables. Charts. Graphs.
590 _aKA NTK
651 4 _aUnited Kingdom
_y
690 _aPROPERTY-PROPERTY AGENCY
700 1 _aBarnard, Lucy
942 _n0
999 _c81813
_d81813